General Studies : (Record no. 61873)
[ view plain ]
| 000 -LEADER | |
|---|---|
| fixed length control field | 00640nam a2200205Ia 4500 |
| 001 - CONTROL NUMBER | |
| control field | 60747 |
| 008 - FIXED-LENGTH DATA ELEMENTS--GENERAL INFORMATION | |
| fixed length control field | 160923n ii |||gr||||Z||||||465 |
| 020 ## - INTERNATIONAL STANDARD BOOK NUMBER | |
| International Standard Book Number | 978-93-325-5869-4 |
| 041 ## - LANGUAGE CODE | |
| Language code of text/sound track or separate title | 465 |
| 082 ## - DEWEY DECIMAL CLASSIFICATION NUMBER | |
| Classification number | 001.2 |
| 100 ## - MAIN ENTRY--PERSONAL NAME | |
| Personal name | Thorpe , Edgar & Thorpe,Showick . |
| 245 #0 - TITLE STATEMENT | |
| Title | General Studies : |
| Remainder of title | For Civil Services Prelimary Examination / |
| Statement of responsibility, etc. | By Edgar Thorpe & Showick Thorpe . |
| Medium | Textual Documents |
| 250 ## - EDITION STATEMENT | |
| Edition statement | First--2016. |
| 260 ## - PUBLICATION, DISTRIBUTION, ETC. | |
| Place of publication, distribution, etc. | Delhi |
| Name of publisher, distributor, etc. | Pearson Education |
| 300 ## - PHYSICAL DESCRIPTION | |
| Extent | 2.496pg: |
| Other physical details | Glossary; |
| Dimensions | 30cm. |
| 653 ## - INDEX TERM--UNCONTROLLED | |
| Uncontrolled term | General Studies |
| 653 ## - INDEX TERM--UNCONTROLLED | |
| Uncontrolled term | Current Affairs--2016 |
| 856 ## - ELECTRONIC LOCATION AND ACCESS | |
| Uniform Resource Identifier | <a href="Indian Polity and Economy Vol--11">Indian Polity and Economy Vol--11</a> |
| 942 ## - ADDED ENTRY ELEMENTS (KOHA) | |
| Source of classification or shelving scheme | Dewey Decimal Classification |
| Koha item type | Books |
| Withdrawn status | Lost status | Damaged status | Not for loan | Collection | Home library | Current library | Shelving location | Date acquired | Coded location qualifier | Total checkouts | Full call number | Barcode | Date last seen | Copy number | Price effective from | Koha item type |
|---|---|---|---|---|---|---|---|---|---|---|---|---|---|---|---|---|
| Dr. Suryya Kumar Bhuyan Library | Dr. Suryya Kumar Bhuyan Library | 23/09/2016 | 00000 | 001.2 Th 32 Ge | 3202/gift | 14/01/2024 | 1 | 23/09/2016 | Books |
